000 01472nam a22001577a 4500
041 _aukr
080 _a09
090 _bЯРО
100 _aЯровка О. В.
245 _aНавчання діалогу-дискусії на старшому етапі у ліцеї (гуманітарний клас)
260 _aОстрог
_bКАФ
_c2004
300 _a63
520 _aРозділ 1. Психолінгвістичні та методичні аспекти навчання діалогу-дискусії на старшому етапі в ліцеї 1.1. Загальна характеристика діалогу-дискусії 1.2. Методика навчання діалогу-дискусії в ліцеї 1.3. Викаристання науково-методичного комплексу "New Streetwise (Intermediate)" для навчання діалогу-дискусії в старших класах ліцею 1.4. Оптимізація навчання діалогу-дискусії в ліцеї Розділ 2. Вправи для навчання діалогу-дискусії в старших класах ліцею 2.1. Комплекс вправ навчання діалогу-дискусії 2.2. Організація пробного навчання на старшому етапі в ліцеї
_0методика, діалог-дискусія, урок
650 _aResearch Papers
999 _c282569
_d282569
942 _cBK